| 000 | 00573 a2200169 4500 | ||
|---|---|---|---|
| 003 | NUST | ||
| 005 | 20221208175328.0 | ||
| 040 | _cNust | ||
| 082 | _a297.4,ARB | ||
| 100 |
_aArberry .A.J _925115 |
||
| 245 |
_aThe Doctrine of The Sufis / _cA..j Arberry |
||
| 260 |
_aPakistan _bNational Book Foundation |
||
| 300 | _a173:p.; | ||
| 505 | _aIntroduction (Page-1), Prooemium (Page-3), History And Life Of Sufis Toward Their Doctrine (Page- 5), Names Of Place And Persons (Page-169), Technical Terms (Page-173). | ||
| 650 |
_aThe Sufis _9104500 |
||
| 942 |
_2ddc _cBK _k297.4,ARB |
||
| 999 |
_c185476 _d185476 |
||